000 00203nam a2200073Ia 4500
008 170524s9999 xx 000 0 und d
100 _aJHINGAN- ML
245 4 _aTHE ECONOMICS OF DEVELOPMENT& PLANNING
260 _bVRINDA PUBLICATION DELHI
999 _c8233
_d8233